El ejercicio de los derechos sexuales y reproductivos: un estudio cualitativo de personas heterosexuales con VIH en México /
Se pretenden analizar las experiencias relacionadas con el ejercicio de los derechos sexuales y reproductivos de personas heterosexuales que poseen el Virus de la Inmunodeficiencia Humana (VIH) en México. Se identifica en el estudio que estas personas experimentan las mismas necesidades sexuales y r...
Sábháilte in:
| Príomhchruthaitheoir: | |
|---|---|
| Rannpháirtithe: | , , , |
| Formáid: | Téacs |
| Ábhair: | |
| Clibeanna: |
Cuir clib leis
Níl clibeanna ann, Bí ar an gcéad duine le clib a chur leis an taifead seo!
|
MARC
| LEADER | 00000 a a2200000 04500 | ||
|---|---|---|---|
| 001 | 40748 | ||
| 003 | |||
| 040 | |||
| 100 | |a Campero, Lourdes | ||
| 245 | |a El ejercicio de los derechos sexuales y reproductivos: |b un estudio cualitativo de personas heterosexuales con VIH en México / |c Lourdes Campero, Tamil Kendall, Marta Caballero, et al. | ||
| 500 | |a tamilhiv@gmail.com | ||
| 520 | |a Se pretenden analizar las experiencias relacionadas con el ejercicio de los derechos sexuales y reproductivos de personas heterosexuales que poseen el Virus de la Inmunodeficiencia Humana (VIH) en México. Se identifica en el estudio que estas personas experimentan las mismas necesidades sexuales y reproductivas que las personas seronegativas; sin embargo, la búsqueda la búsqueda de dicha satisfacción se ve modificada por diversas barreras, sobre todo si carecen de apoyo social. Los mismos presentan temores de infectar a su pareja o de tener un embarazo y por tanto un hijo infectado; dichas dificultades inciden en que dichas personas no ejerzan su sexualidad. Finalmente, se resalta la importancia de generar una mayor conciencia sobre el ejercicio de los derechos sexuales; además se resalta la necesidad de promover la educación sexual, los cambios culturales que combatan la desigualdad de género; así como una información oportuna y científica sobre la prevención del VIH. | ||
| 590 | |a KSR/JUNIO2012 | ||
| 650 | |a DERECHOS SEXUALES | ||
| 650 | |a DERECHOS REPRODUCTIVOS | ||
| 650 | |a HETEROSEXUALIDAD | ||
| 650 | |a VIH | ||
| 650 | |a SIDA | ||
| 650 | |a DERECHOS HUMANOS | ||
| 650 | |a MEXICO | ||
| 700 | |a Kendall, Tamil | ||
| 700 | |a Caballero, Marta | ||
| 700 | |a Mena, Ana Lorena | ||
| 700 | |a Herrera, Cristina | ||
| 773 | |g volumen52, número1 (2010), páginas 61-69 | ||
| 999 | |c 20803 |d 20803 | ||
